<?xml version="1.0" encoding="UTF-8"?>
<record
    xmlns:xsi="http://www.w3.org/2001/XMLSchema-instance"
    xsi:schemaLocation="http://www.loc.gov/MARC21/slim http://www.loc.gov/standards/marcxml/schema/MARC21slim.xsd"
    xmlns="http://www.loc.gov/MARC21/slim">

  <leader>01767cam a2200193 i 4500</leader>
  <datafield tag="020" ind1=" " ind2=" ">
    <subfield code="a">9781422189818 (hardcover : acidfree paper)</subfield>
  </datafield>
  <datafield tag="040" ind1=" " ind2=" ">
    <subfield code="c">DLC</subfield>
  </datafield>
  <datafield tag="082" ind1="0" ind2="0">
    <subfield code="a">330 STE 2016 A114 Or.</subfield>
  </datafield>
  <datafield tag="100" ind1="1" ind2=" ">
    <subfield code="a">Cohen, Stephen S.,</subfield>
  </datafield>
  <datafield tag="245" ind1="1" ind2="0">
    <subfield code="a">Concrete economics :</subfield>
    <subfield code="b">the Hamilton approach to economic growth and policy /</subfield>
  </datafield>
  <datafield tag="300" ind1=" " ind2=" ">
    <subfield code="a">xi, 223 pages ;</subfield>
    <subfield code="c">22 cm</subfield>
  </datafield>
  <datafield tag="520" ind1=" " ind2=" ">
    <subfield code="a">"Brilliantly written and argued, Concrete Economics shows exactly how the US government has shaped and directed the economy since the very inception of the country.  This book does not rehash the sturdy and well-known arguments that to thrive, an entrepreneurial economy needs a social and policy environment characterized by a broad range of freedoms. Nor does it buy into the myth of the absolutely free market.  Instead, Cohen and DeLong focus on the forgotten role played by the US government in initiating and enabling a redesign of the US economy. The government not only sets the ground rules for entrepreneurial activity but directs the surges of energy that mark a vibrant economy. It is as true for present-day Silicon Valley as it was for New England manufacturing at the dawn of the nineteenth century.  This is not an argument based on abstract truths, complex correlations, or arcane discoveries, but rather on the facts of how the US economy succeeded so brilliantly. And that provides a blueprint for how the government, established companies, and new ventures can partner to yet again successfully reshape the economy. "--</subfield>
  </datafield>
  <datafield tag="650" ind1=" " ind2="0">
    <subfield code="a">Economic development</subfield>
  </datafield>
  <datafield tag="650" ind1=" " ind2="7">
    <subfield code="a">BUSINESS &amp; ECONOMICS / Government &amp; Business.</subfield>
  </datafield>
  <datafield tag="650" ind1=" " ind2="7">
    <subfield code="a">BUSINESS &amp; ECONOMICS / Economics / General.</subfield>
  </datafield>
  <datafield tag="650" ind1=" " ind2="7">
    <subfield code="a">BUSINESS &amp; ECONOMICS / Economic History.</subfield>
  </datafield>
  <datafield tag="700" ind1="1" ind2=" ">
    <subfield code="a">De Long, J. Bradford,</subfield>
  </datafield>
  <datafield tag="942" ind1=" " ind2=" ">
    <subfield code="c">EK</subfield>
  </datafield>
  <datafield tag="999" ind1=" " ind2=" ">
    <subfield code="c">17422</subfield>
    <subfield code="d">17422</subfield>
  </datafield>
  <datafield tag="952" ind1=" " ind2=" ">
    <subfield code="0">0</subfield>
    <subfield code="1">0</subfield>
    <subfield code="4">0</subfield>
    <subfield code="6">330_000000000000000_STE_2016_A114_OR</subfield>
    <subfield code="7">0</subfield>
    <subfield code="9">75617</subfield>
    <subfield code="a">LBA</subfield>
    <subfield code="b">LBA</subfield>
    <subfield code="c">A114</subfield>
    <subfield code="d">2018-11-26</subfield>
    <subfield code="o">330 STE 2016 A114 Or.</subfield>
    <subfield code="p">A38096</subfield>
    <subfield code="r">2018-11-26</subfield>
    <subfield code="w">2018-11-26</subfield>
    <subfield code="y">EK</subfield>
  </datafield>
  <datafield tag="952" ind1=" " ind2=" ">
    <subfield code="0">0</subfield>
    <subfield code="1">0</subfield>
    <subfield code="4">0</subfield>
    <subfield code="6">330_000000000000000_STE_2016_A116_OR</subfield>
    <subfield code="7">0</subfield>
    <subfield code="9">75950</subfield>
    <subfield code="a">LBA</subfield>
    <subfield code="b">LBA</subfield>
    <subfield code="c">A116</subfield>
    <subfield code="d">2018-12-04</subfield>
    <subfield code="o">330 STE 2016 A116 Or.</subfield>
    <subfield code="p">A36572</subfield>
    <subfield code="r">2018-12-04</subfield>
    <subfield code="w">2018-12-04</subfield>
    <subfield code="y">EK</subfield>
  </datafield>
</record>
